00351nam a2200109Ia 4500008004100000082000800041100001500049245006100064942000600125952009500131999001500226240331s9999 xx 000 0 und d bMAR aMarx, Carl 0aMoolathanam :barasiyal pPorulathara vimarsana pakupaivu cL 001040708LaWERCLbWERCLcSSCd2024-03-31l0o 332 MARp6197r2024-03-31w2024-03-31yL c5534d5534